|
|
|
|
| LEADER |
01225nam a2200325 a 4500 |
| 001 |
36770 |
| 003 |
BD-DhAAL |
| 005 |
20191209105023.0 |
| 008 |
191209t1995 sz b i000 0 eng d |
| 999 |
|
|
|c 42020
|d 42020
|
| 010 |
|
|
|a 96146363
|
| 020 |
|
|
|a 9221094464
|
| 020 |
|
|
|a 9789221094463
|
| 040 |
|
|
|a DLC
|c DLC
|d DLC
|d BD-DhAAL
|
| 041 |
1 |
|
|a eng
|h spa
|
| 050 |
0 |
0 |
|a K1721
|b .A48 1995
|
| 082 |
0 |
0 |
|a 341.763
|2 21
|
| 110 |
2 |
|
|a International Labour Organisation.
|9 38114
|
| 240 |
1 |
0 |
|a Derecho sindical de la OIT.
|l English
|
| 245 |
1 |
0 |
|a ILO law on freedom of association :
|b standards and procedures.
|
| 260 |
|
|
|a Geneva :
|b International Labour Office,
|c 1995.
|
| 300 |
|
|
|a xii, 170 pages ;
|c 24 cm.
|
| 504 |
|
|
|a Includes bibliographical references.
|
| 526 |
|
|
|a ESS
|
| 541 |
|
|
|a Complimentary copy from Professor Dr. Nasreen Khundker
|e 36770
|
| 650 |
|
0 |
|a Labor unions
|x Law and legislation.
|9 38115
|
| 650 |
|
0 |
|a Freedom of association.
|9 38116
|
| 852 |
|
|
|a Ayesha Abed Library
|c General Stacks
|
| 942 |
|
|
|2 ddc
|c BK
|
| 952 |
|
|
|0 0
|1 0
|2 ddc
|4 0
|6 341_763000000000000_ILO
|7 0
|9 67386
|a BRACUL
|b BRACUL
|c GEN
|d 2019-12-09
|e Complimentary copy from Professor Dr. Nasreen Khundker
|l 0
|o 341.763 ILO
|p 3010036770
|r 2019-12-09
|t 1
|w 2019-12-09
|y BK
|